| 000 | 00538cam a22002171 4500 | ||
|---|---|---|---|
| 001 | ne 63002315 | ||
| 003 | DLC | ||
| 005 | 20260227111752.0 | ||
| 008 | 890620q19601963xx 000 0 ara | ||
| 010 | _ane 63002315 | ||
| 035 | _a(OCoLC)23490339 | ||
| 040 |
_aDLC _cMiU _dDLC |
||
| 042 | _apremarc | ||
| 050 | 0 | 0 |
_aDS223 _b.R3 |
| 100 | 1 | _aRamādī, Muḥammad Jamāl al-Dīn. | |
| 245 | 1 | 0 | _aṢafaḥāt min tārīkh al-ʻArab. |
| 260 | _c[196-] | ||
| 300 |
_a117 p. _c20 cm. |
||
| 500 | _aRomanized. | ||
| 650 | 0 |
_aArabs _xHistory |
|
| 999 |
_c46413 _d46413 |
||